La Política de España en Filipinas (Record no. 1656)

MARC details
000 -LEADER
campo de control de longitud fija 00797nas a2200241 i 4500
001 - NÚMERO DE CONTROL
campo de control 1656
003 - IDENTIFICADOR DE NÚMERO DE CONTROL
campo de control ES-MaACL
005 - FECHA Y HORA DE LA ÚLTIMA TRANSACCIÓN
campo de control 20250729062612.0
007 - CAMPO FIJO DE DESCRIPCIÓN FÍSICA--INFORMACIÓN GENERAL
campo de control de longitud fija t|
008 - DATOS DE LONGITUD FIJA--INFORMACIÓN GENERAL
campo de control de longitud fija 950801d18911898sp s| | 1 ||pa d
022 ## - NÚMERO INTERNACIONAL NORMALIZADO PARA PUBLICACIONES SERIADAS
Número Internacional Normalizado para Publicaciones Seriadas 1698-2983
080 ## - NÚMERO DE LA CLASIFICACIÓN DECIMAL UNIVERSAL
Número de la Clasificación Decimal Universal 959.9"1812/98"
245 03 - MENCIÓN DEL TÍTULO
Título La Política de España en Filipinas
Resto del título : quincenario defensor de los intereses españoles en Extremo Oriente /
Mención de responsabilidad, etc. dir. José Feced.
260 ## - PUBLICACIÓN, DISTRIBUCIÓN, ETC.
Lugar de publicación, distribución, etc. Madrid :
Nombre del editor, distribuidor, etc. Imp. Manuel Minuesa de los Ríos,
Fecha de publicación, distribución, etc. 1891-1898.
300 ## - DESCRIPCIÓN FÍSICA
Extensión 3 v. ;
Dimensiones 28 cm.
310 ## - PERIODICIDAD ACTUAL
Periodicidad actual Quincenal
362 0# - FECHAS DE PUBLICACIÓN Y/O DESIGNACIÓN SECUENCIAL
Fecha de publicación y/o designación secuencial Año I (20 ene. 1891)--año 8, n. 187 (31 dic. 1898)
650 #7 - PUNTO DE ACCESO ADICIONAL DE MATERIA--TÉRMINO DE MATERIA
Término de materia o nombre geográfico como elemento de entrada Política
Fuente del encabezamiento o término embne
9 (RLIN) 140345
700 1# - ENTRADA AGREGADA--NOMBRE PERSONAL
Nombre de persona Feced, José,
Término indicativo de función/relación
9 (RLIN) 194272
852 #0 - LOCALIZACIÓN
Encuadernación
Ubicación BA
Número de control de estantería R-2486-88
Encuadernación Olim: G-3852-54
866 #1 - MENCIÓN TEXTUAL DE FONDOS--UNIDAD BIBLIOGRÁFICA BÁSICA
Fondos 1891-95.
Holdings
Estatus retirado Estado de pérdida Estado de daño No para préstamo Colección Biblioteca de origen Biblioteca actual Ubicación en estantería Fecha de adquisición Fuente de adquisición Total de préstamos Signatura topográfica completa Código de barras Visto por última vez Precio de reemplazo Tipo de ítem Koha
        Periódicos y Revistas Biblioteca del Ateneo de Madrid Biblioteca del Ateneo de Madrid Depósito 17/01/2008     R-2486-88 1001692 23/02/2023 23/02/2023 Revista